000 00351nam a2200169Ia 4500
100 _aSilberschatz/Abraham
650 _aOperating system
250 _a8
942 _cBK
366 _f20
245 _aOperating system concepts
260 _bWiley
_c2010
082 _a5.43
_bSIL
300 _a972
546 _aENGLISH
_cComputers
999 _c30335
_d30335